[Event "Thüringenliga 2025/26"]
[Site "?"]
[Date "2026.04.26"]
[Round "9.3"]
[White "Maiwald, Harald"]
[Black "Kaipalath, Varun Raj"]
[Result "1-0"]
[WhiteElo "1994"]
[BlackElo "1899"]
[WhiteFideId "-1"]
[BlackFideId "-1"]
[PlyCount "123"]
[GameId "2306054587494524"]
[EventDate "2025.09.14"]
[EventType "team-tourn"]
[EventRounds "9"]
[SourceTitle "Thueringer Schachbund"]
[Source "ThSB"]
[SourceDate "2025.09.14"]
[SourceVersion "1"]
[SourceVersionDate "2025.09.14"]
[SourceQuality "1"]
[WhiteTeam "TSG Apolda"]
[BlackTeam "SV Schott Jena"]

{[%evp 0,123,33,21,21,21,37,24,27,25,17,4,28,31,42,35,44,52,50,31,42,18,27,24,19,31,44,47,81,49,49,68,73,18,23,33,59,28,36,23,51,-28,74,29,102,77,85,6,-6,-15,-5,-22,-14,-1,-1,-1,-2,0,46,49,24,47,-3,1,-8,-24,91,53,17,32,265,12,30,-37,-32,-25,-43,-84,-85,-107,-69,-133,38,0,0,0,0,0,167,158,228,236,297,295,297,286,297,143,248,181,344,160,422,418,444,410,416,404,402,385,402,412,433,428,444,436,665,695,721,729,780,806,998,737,853,795]} 1. d4 Nf6 2. Nf3 g6 3. g3 Bg7 4. Bg2 O-O 5. O-O d6 6. c4 c6 7. Nc3 Qc7 8. e4 e5 9. h3 Nbd7 10. Be3 Re8 11. Rc1 exd4 12. Nxd4 Ne5 13. b3 Qa5 14. f4 Ned7 15. Qc2 Nc5 16. Rce1 Nh5 17. Kh2 Bd7 18. g4 Nf6 19. Bg1 Na6 20. a3 Re7 21. b4 Qc7 22. Kh1 Rae8 23. e5 dxe5 24. fxe5 Rxe5 25. Bh2 Rxe1 26. Bxc7 Nxc7 27. Qf2 Rxf1+ 28. Bxf1 b6 29. Bg2 c5 30. bxc5 bxc5 31. Ndb5 Nxb5 32. Nxb5 Bxb5 33. cxb5 Nd7 34. Bc6 Bd4 35. Qd2 Re7 36. Qa5 Nb6 37. a4 Kg7 38. Qa6 Re1+ 39. Kg2 Re2+ 40. Kf1 Re7 41. a5 Nc4 42. b6 Nd2+ 43. Kg2 axb6 44. Qd3 bxa5 45. Qxd2 a4 46. Bxa4 Rb7 47. Kf3 Re7 48. Bb3 h5 49. g5 h4 50. Qf4 Rb7 51. Bd5 Rd7 52. Bc6 Ra7 53. Qxh4 Ra3+ 54. Kg4 Kg8 55. Bd5 Ra4 56. Kf3 Ra3+ 57. Kg2 Re3 58. Qh6 Bg7 59. Qxg6 Re7 60. h4 Kf8 61. Qf5 Rc7 62. Bc4 1-0

[Event "Thüringenliga 2025/26"]
[Site "?"]
[Date "2026.04.26"]
[Round "9.4"]
[White "Babrikowski, Peter"]
[Black "Rohmeiß, Roberto"]
[Result "1/2-1/2"]
[WhiteElo "2106"]
[BlackElo "1968"]
[WhiteFideId "-1"]
[BlackFideId "-1"]
[PlyCount "68"]
[GameId "2306054587531389"]
[EventDate "2025.09.14"]
[EventType "team-tourn"]
[EventRounds "9"]
[SourceTitle "Thueringer Schachbund"]
[Source "ThSB"]
[SourceDate "2025.09.14"]
[SourceVersion "1"]
[SourceVersionDate "2025.09.14"]
[SourceQuality "1"]
[WhiteTeam "SV Schott Jena"]
[BlackTeam "TSG Apolda"]

{[%evp 0,68,23,11,57,76,59,56,52,44,72,32,35,40,37,29,16,25,36,20,26,23,20,10,24,8,17,30,-8,-89,-102,-96,-120,-120,-119,-127,-131,-128,-104,-112,-71,-70,-92,-106,-113,-117,-129,-213,-165,-128,-121,-115,-118,-91,-43,-94,-65,-65,-8,-56,-28,-39,-53,-127,64,-48,-62,-127,47,-47,-49]} 1. e4 Nf6 2. e5 Nd5 3. d4 d6 4. Nf3 g6 5. Be2 Bg7 6. c4 Nb6 7. exd6 cxd6 8. Be3 Nc6 9. Nbd2 O-O 10. O-O e5 11. d5 Ne7 12. a4 f5 13. Qb3 h6 14. a5 Nd7 15. c5 f4 16. c6 fxe3 17. cxd7 exf2+ 18. Rxf2 Qxd7 19. Ne4 Nf5 20. Qb4 Rb8 21. Rc1 b5 22. g4 Ne3 23. Nxd6 Qxg4+ 24. Qxg4 Bxg4 25. Rc5 Nf5 26. Ne4 a6 27. d6 Rfd8 28. Rc6 Ra8 29. Bd1 Kh8 30. Be2 Rdc8 31. Rb6 Rcb8 32. Rc6 Rc8 33. Rb6 Rcb8 34. Rc6 Rc8 1/2-1/2

[Event "Thüringenliga 2025/26"]
[Site "?"]
[Date "2026.04.26"]
[Round "9.7"]
[White "Stolz, Markus"]
[Black "Jung, Florian"]
[Result "0-1"]
[WhiteElo "1749"]
[BlackElo "1961"]
[WhiteFideId "-1"]
[BlackFideId "-1"]
[PlyCount "78"]
[GameId "2306054587641984"]
[EventDate "2025.09.14"]
[EventType "team-tourn"]
[EventRounds "9"]
[SourceTitle "Thueringer Schachbund"]
[Source "ThSB"]
[SourceDate "2025.09.14"]
[SourceVersion "1"]
[SourceVersionDate "2025.09.14"]
[SourceQuality "1"]
[WhiteTeam "TSG Apolda"]
[BlackTeam "SV Schott Jena"]

{[%evp 0,78,23,21,21,21,21,17,42,23,31,16,13,18,20,21,28,23,24,34,26,-46,-39,-4,9,-1,-6,4,10,2,0,4,12,-35,55,59,63,36,63,64,107,105,221,186,174,176,175,199,281,179,165,118,129,147,135,125,123,117,190,140,162,141,152,112,122,127,127,128,131,108,142,87,101,97,122,114,139,153,216,82,140]} 1. d4 d5 2. Bf4 Nf6 3. e3 h6 4. Nd2 Bf5 5. c4 e6 6. Qb3 Nbd7 7. Ngf3 dxc4 8. Bxc4 Nb6 9. Be2 a5 10. a4 Bb4 11. O-O O-O 12. Rfd1 Rc8 13. Rac1 c6 14. h3 Ne4 15. Nxe4 Bxe4 16. Ne5 Nd5 17. Bg3 f6 18. Nd3 Qe7 19. Nc5 Bxc5 20. dxc5 Qf7 21. f3 Bg6 22. e4 Nb4 23. Bc4 Qe8 24. Bxe6+ Bf7 25. Rd6 Bxe6 26. Rxe6 Qf7 27. Rc3 Kh7 28. Rd6 Qg6 29. Kh2 Rf7 30. Re3 Re7 31. Re6 Rce8 32. Rxe7 Rxe7 33. Re2 Qh5 34. Qc4 Re8 35. Be1 Na6 36. Rc2 Qe5+ 37. g3 Qh5 38. Kg2 f5 39. Bxa5 fxe4 0-1

[Event "Thüringenliga 2025/26"]
[Site "?"]
[Date "2026.04.26"]
[Round "9.8"]
[White "Dreyer, Michael"]
[Black "Siegl, Detlef"]
[Result "1/2-1/2"]
[WhiteElo "1945"]
[BlackElo "1715"]
[WhiteFideId "-1"]
[BlackFideId "-1"]
[PlyCount "29"]
[GameId "2306054587678849"]
[EventDate "2025.09.14"]
[EventType "team-tourn"]
[EventRounds "9"]
[SourceTitle "Thueringer Schachbund"]
[Source "ThSB"]
[SourceDate "2025.09.14"]
[SourceVersion "1"]
[SourceVersionDate "2025.09.14"]
[SourceQuality "1"]
[WhiteTeam "SV Schott Jena"]
[BlackTeam "TSG Apolda"]

{[%evp 0,29,45,53,45,0,6,-13,-13,-13,-4,-18,25,15,19,30,33,16,24,27,37,-5,31,-7,21,11,19,-21,-20,-24,-26,-22]} 1. e4 c5 2. c3 d5 3. exd5 Qxd5 4. d4 Nf6 5. Nf3 e6 6. Be2 Be7 7. O-O O-O 8. c4 Qd8 9. Nc3 cxd4 10. Nxd4 a6 11. Bg5 Bd7 12. Qc2 Nc6 13. Nxc6 Bxc6 14. Rad1 Qc7 15. Bh4 1/2-1/2

[Event "Thüringenliga 2025/26"]
[Site "?"]
[Date "2026.04.26"]
[Round "9.1"]
[White "Kölsch, Maximilian"]
[Black "Darr, Sascha"]
[Result "0-1"]
[WhiteElo "2170"]
[BlackElo "2069"]
[WhiteFideId "-1"]
[BlackFideId "-1"]
[PlyCount "70"]
[GameId "2306054673924238"]
[EventDate "2025.09.14"]
[EventType "team-tourn"]
[EventRounds "9"]
[SourceTitle "Thueringer Schachbund"]
[Source "ThSB"]
[SourceDate "2025.09.14"]
[SourceVersion "1"]
[SourceVersionDate "2025.09.14"]
[SourceQuality "1"]
[WhiteTeam "Erfurter SK 2"]
[BlackTeam "fuß brothers Jena"]

{[%evp 0,70,23,21,21,-3,33,33,33,25,41,41,41,31,59,12,16,26,26,-4,12,-4,-17,-9,-13,-13,0,-40,5,-32,-49,-27,-29,-33,-46,-46,-38,-53,-25,-42,-27,-10,-23,-48,-36,-48,-49,-87,-49,-54,-58,-89,-29,-36,-33,-59,-100,-74,-84,-73,-79,-87,-108,-224,-237,-251,-234,-294,-297,-297,-310,-318,-279]} 1. Nf3 Nf6 2. c4 g6 3. Nc3 Bg7 4. e4 d6 5. d4 O-O 6. h3 e5 7. d5 a5 8. Be3 Na6 9. Nd2 Ne8 10. Be2 f5 11. exf5 gxf5 12. f3 Bd7 13. a3 Nf6 14. f4 exf4 15. Bxf4 Nc5 16. O-O Nfe4 17. Ndxe4 fxe4 18. Be3 Qh4 19. Qe1 Qxe1 20. Raxe1 Nd3 21. Rb1 Rxf1+ 22. Bxf1 Re8 23. Nd1 Bf5 24. Be2 Be5 25. b3 b6 26. Nf2 Bf4 27. Bxf4 Nxf4 28. Bg4 Bg6 29. Re1 h5 30. Bd7 Re7 31. g3 e3 32. Nd1 Nd3 33. Be6+ Rxe6 34. dxe6 Nxe1 35. Nxe3 Be4 0-1

[Event "Thüringenliga 2025/26"]
[Site "?"]
[Date "2026.04.26"]
[Round "9.2"]
[White "Wicklein, Stefan"]
[Black "Seinsoth, Paul"]
[Result "0-1"]
[WhiteElo "2003"]
[BlackElo "2031"]
[WhiteFideId "-1"]
[BlackFideId "-1"]
[PlyCount "42"]
[GameId "2306054673969295"]
[EventDate "2025.09.14"]
[EventType "team-tourn"]
[EventRounds "9"]
[SourceTitle "Thueringer Schachbund"]
[Source "ThSB"]
[SourceDate "2025.09.14"]
[SourceVersion "1"]
[SourceVersionDate "2025.09.14"]
[SourceQuality "1"]
[WhiteTeam "fuß brothers Jena"]
[BlackTeam "Erfurter SK 2"]

{[%evp 0,42,23,21,21,-2,36,41,69,14,72,69,64,44,55,50,38,35,44,31,46,56,93,-68,7,-37,0,19,25,26,-2,31,-3,7,-1,-96,-83,-83,-85,-143,-140,-145,-157,-29993,-29994]} 1. d4 Nf6 2. c4 g6 3. Nc3 d5 4. Bg5 Bg7 5. Bxf6 Bxf6 6. cxd5 c5 7. dxc5 Nd7 8. c6 Nc5 9. e3 O-O 10. Nf3 bxc6 11. Bc4 Rb8 12. O-O Rxb2 13. Nd4 cxd5 14. Nxd5 Qd6 15. Nxf6+ Qxf6 16. Qc1 Rb6 17. Bxf7+ Qxf7 18. Qxc5 Ba6 19. Nc6 Bxf1 20. Nxe7+ Kg7 21. Rxf1 Qxf2+ 0-1

[Event "Thüringenliga 2025/26"]
[Site "?"]
[Date "2026.04.26"]
[Round "9.3"]
[White "Krüger, Rainer"]
[Black "Richter, Sebastian"]
[Result "1/2-1/2"]
[WhiteElo "2027"]
[BlackElo "1845"]
[WhiteFideId "-1"]
[BlackFideId "-1"]
[PlyCount "37"]
[GameId "2306054674006160"]
[EventDate "2025.09.14"]
[EventType "team-tourn"]
[EventRounds "9"]
[SourceTitle "Thueringer Schachbund"]
[Source "ThSB"]
[SourceDate "2025.09.14"]
[SourceVersion "1"]
[SourceVersionDate "2025.09.14"]
[SourceQuality "1"]
[WhiteTeam "Erfurter SK 2"]
[BlackTeam "fuß brothers Jena"]

{[%evp 0,37,23,20,21,-9,23,15,17,12,0,10,23,16,17,4,37,42,49,36,15,-4,9,9,2,-4,9,7,-16,-28,-16,-8,38,39,43,51,39,25,26,15]} 1. Nf3 Nf6 2. g3 g6 3. Bg2 Bg7 4. c4 O-O 5. O-O d6 6. d4 Nc6 7. Nc3 e5 8. d5 Nb8 9. c5 Nbd7 10. cxd6 cxd6 11. e4 Nc5 12. Qe2 Bd7 13. Nd2 Rc8 14. Nc4 Qc7 15. Ne3 Na4 16. Nxa4 Bxa4 17. b3 Bd7 18. Ba3 b5 19. Rfc1 1/2-1/2

[Event "Thüringenliga 2025/26"]
[Site "?"]
[Date "2026.04.26"]
[Round "9.4"]
[White "Latka, Robert"]
[Black "Zitzelsberger, Philipp"]
[Result "0-1"]
[WhiteElo "1850"]
[BlackElo "1967"]
[WhiteFideId "-1"]
[BlackFideId "-1"]
[PlyCount "66"]
[GameId "2306054674047121"]
[EventDate "2025.09.14"]
[EventType "team-tourn"]
[EventRounds "9"]
[SourceTitle "Thueringer Schachbund"]
[Source "ThSB"]
[SourceDate "2025.09.14"]
[SourceVersion "1"]
[SourceVersionDate "2025.09.14"]
[SourceQuality "1"]
[WhiteTeam "fuß brothers Jena"]
[BlackTeam "Erfurter SK 2"]

{[%evp 0,66,23,11,45,48,90,49,64,29,33,35,49,39,60,28,10,7,61,11,14,-8,20,-3,-40,-42,9,26,48,60,-9,-27,-149,-212,-219,-398,-385,-384,-337,-412,-289,-341,-319,-393,-304,-311,-329,-359,-355,-421,-416,-423,-346,-347,-359,-349,-370,-422,-437,-675,-358,-854,-965,-1253,-1203,-1944,-1143,-1674,-1403]} 1. e4 c5 2. Nf3 d6 3. d4 cxd4 4. Nxd4 Nf6 5. Nc3 a6 6. Bg5 e6 7. f4 Be7 8. Qf3 Qc7 9. O-O-O Nbd7 10. Bd3 b5 11. Rde1 Bb7 12. Qg3 Rc8 13. Nd5 exd5 14. exd5 Kd8 15. Nf5 Bf8 16. Qe3 Qc5 17. Qe8+ Kc7 18. Qe2 Bxd5 19. a4 Bc4 20. axb5 axb5 21. Ne3 Nb6 22. Bxf6 gxf6 23. Qd2 Ra8 24. Kb1 Ba2+ 25. Kc1 Nc4 26. Bxc4 Bxc4 27. Qc3 Be6 28. Qxf6 Rg8 29. f5 Qb4 30. b3 Bg7 31. Qe7+ Kc6 32. f6 Bf8 33. Nd5 Qa3+ 0-1

[Event "Thüringenliga 2025/26"]
[Site "?"]
[Date "2026.04.26"]
[Round "9.5"]
[White "Rüther, Rudolf"]
[Black "Götting, Danilo"]
[Result "1-0"]
[WhiteElo "1979"]
[BlackElo "1711"]
[WhiteFideId "-1"]
[BlackFideId "-1"]
[PlyCount "73"]
[GameId "2306054674088082"]
[EventDate "2025.09.14"]
[EventType "team-tourn"]
[EventRounds "9"]
[SourceTitle "Thueringer Schachbund"]
[Source "ThSB"]
[SourceDate "2025.09.14"]
[SourceVersion "1"]
[SourceVersionDate "2025.09.14"]
[SourceQuality "1"]
[WhiteTeam "Erfurter SK 2"]
[BlackTeam "fuß brothers Jena"]

{[%evp 0,73,23,21,17,-2,41,31,73,52,53,49,41,34,35,51,47,41,32,40,40,49,68,62,73,0,-18,11,23,43,26,26,61,49,95,97,100,92,121,104,108,94,102,86,81,99,128,110,128,125,144,125,169,174,197,197,206,198,203,187,195,166,194,196,232,248,239,204,231,231,340,372,343,241,319,252]} 1. d4 Nf6 2. c4 g6 3. Nc3 d5 4. cxd5 Nxd5 5. e4 Nxc3 6. bxc3 Bg7 7. Bc4 O-O 8. Ne2 c5 9. Be3 Nc6 10. O-O Qa5 11. a4 Rd8 12. d5 Ne5 13. Bb3 Bd7 14. h3 c4 15. Bc2 Be8 16. Bd4 Nd7 17. Bxg7 Kxg7 18. Qd4+ Kg8 19. Qxc4 Rac8 20. Qb5 Qc7 21. Rfb1 Nc5 22. Qb4 Qd6 23. Qd4 e6 24. c4 Qa6 25. Rb4 Qd6 26. e5 Qe7 27. d6 Qg5 28. f4 Qh5 29. Qe3 Bc6 30. Ng3 Qh4 31. Be4 Nxe4 32. Nxe4 Kg7 33. Kh2 Bxe4 34. Qxe4 g5 35. g3 Qh5 36. Rf1 gxf4 37. Rxf4 1-0

[Event "Thüringenliga 2025/26"]
[Site "?"]
[Date "2026.04.26"]
[Round "9.6"]
[White "Horack, Robert"]
[Black "Lux, Kilian"]
[Result "1-0"]
[WhiteElo "1577"]
[BlackElo "1479"]
[WhiteFideId "-1"]
[BlackFideId "-1"]
[PlyCount "67"]
[GameId "2306054674124947"]
[EventDate "2025.09.14"]
[EventType "team-tourn"]
[EventRounds "9"]
[SourceTitle "Thueringer Schachbund"]
[Source "ThSB"]
[SourceDate "2025.09.14"]
[SourceVersion "1"]
[SourceVersionDate "2025.09.14"]
[SourceQuality "1"]
[WhiteTeam "fuß brothers Jena"]
[BlackTeam "Erfurter SK 2"]

{[%evp 0,67,23,33,48,48,58,56,48,45,29,28,36,8,18,15,22,-1,-1,4,12,-26,74,57,44,58,52,44,31,49,82,80,81,84,87,82,185,185,183,183,184,188,182,182,218,174,193,213,241,255,356,287,331,318,384,393,403,411,429,376,384,414,448,470,574,601,703,764,1236,1417]} 1. e4 c5 2. Nf3 a6 3. d4 cxd4 4. Nxd4 Nf6 5. Nc3 e5 6. Nb3 Bb4 7. Bd2 d6 8. Bd3 Be6 9. Qe2 Nbd7 10. f3 d5 11. exd5 Nxd5 12. Nxd5 Bxd2+ 13. Qxd2 Bxd5 14. O-O-O Bxb3 15. axb3 Nc5 16. Rhe1 O-O 17. Rxe5 Rc8 18. Rxc5 Rxc5 19. Bxh7+ Kxh7 20. Qxd8 Rxd8 21. Rxd8 f6 22. c4 b5 23. Rd5 Rc6 24. c5 a5 25. Kc2 Kg6 26. b4 axb4 27. Kb3 Kf7 28. Kxb4 Ke6 29. Rd1 Rc8 30. Rd2 Rb8 31. c6 Rc8 32. Kxb5 Rb8+ 33. Ka6 g6 34. c7 1-0

[Event "Thüringenliga 2025/26"]
[Site "?"]
[Date "2026.04.26"]
[Round "9.7"]
[White "Posern, Christoph"]
[Black "Markgraf, Frank"]
[Result "1-0"]
[WhiteElo "1507"]
[BlackElo "1257"]
[WhiteFideId "-1"]
[BlackFideId "-1"]
[PlyCount "69"]
[GameId "2306054674165908"]
[EventDate "2025.09.14"]
[EventType "team-tourn"]
[EventRounds "9"]
[SourceTitle "Thueringer Schachbund"]
[Source "ThSB"]
[SourceDate "2025.09.14"]
[SourceVersion "1"]
[SourceVersionDate "2025.09.14"]
[SourceQuality "1"]
[WhiteTeam "Erfurter SK 2"]
[BlackTeam "fuß brothers Jena"]

{[%evp 0,69,32,13,21,25,36,7,48,-5,72,48,47,13,62,59,71,37,61,69,78,41,69,43,79,74,84,10,69,44,50,13,13,12,26,6,13,-1,11,8,17,8,15,7,15,-6,-1,0,38,16,26,10,66,65,62,14,166,78,81,77,398,235,236,213,234,227,225,252,259,259,251,257]} 1. e4 e5 2. Nf3 Nc6 3. Bc4 d6 4. c3 Bd7 5. d4 h6 6. d5 Na5 7. Bd3 b6 8. Be3 c6 9. c4 Nf6 10. h3 Be7 11. Nc3 Nb7 12. O-O O-O 13. Ne2 Qe8 14. Ng3 cxd5 15. cxd5 Nc5 16. Bxc5 bxc5 17. Re1 Rb8 18. b3 g6 19. Qd2 Kh7 20. Kh2 Rg8 21. Rh1 Qf8 22. Kg1 Qg7 23. Qa5 Nh5 24. Qc7 Nf6 25. Nd2 Rb4 26. Nc4 Rc8 27. Qa5 Nh5 28. Qxa7 Nf6 29. Nb6 Qg8 30. Nxc8 Qxc8 31. Bc4 Bd8 32. Qa3 Nh5 33. Nxh5 gxh5 34. Qb2 f5 35. Qe2 1-0

[Event "Thüringenliga 2025/26"]
[Site "?"]
[Date "2026.04.26"]
[Round "9.8"]
[White "Behrendt, Florian"]
[Black "Vo, Thomi"]
[Result "0-1"]
[WhiteElo "1243"]
[BlackElo "1515"]
[WhiteFideId "-1"]
[BlackFideId "-1"]
[PlyCount "112"]
[GameId "2306054674202773"]
[EventDate "2025.09.14"]
[EventType "team-tourn"]
[EventRounds "9"]
[SourceTitle "Thueringer Schachbund"]
[Source "ThSB"]
[SourceDate "2025.09.14"]
[SourceVersion "1"]
[SourceVersionDate "2025.09.14"]
[SourceQuality "1"]
[WhiteTeam "fuß brothers Jena"]
[BlackTeam "Erfurter SK 2"]

{[%evp 0,112,23,21,17,-3,-1,12,6,-24,18,19,17,-18,30,20,41,33,77,50,47,42,57,45,62,46,79,81,87,87,87,87,111,29,25,17,23,14,23,18,15,9,6,12,12,0,0,0,17,-2,2,0,0,-24,-20,-20,-12,-7,-1,0,6,21,13,-17,9,-12,-18,-28,-17,-35,42,-74,-74,-76,-78,-74,-74,-65,-75,-72,-72,-68,-70,-80,-79,-73,-69,-68,-39,-134,-176,-202,-89,-117,-117,-283,-283,-635,-700,-744,-759,-812,-1012,-1012,-1012,-1022,-1022,-1095,-1250,-1447,-1884,-2290,-2274,-29977,-1022]} 1. d4 Nf6 2. c4 e6 3. Nc3 d5 4. Bf4 Bd6 5. Bxd6 Qxd6 6. Nf3 O-O 7. e3 dxc4 8. Bxc4 Qb4 9. Qb3 Qxb3 10. Bxb3 c6 11. O-O Nbd7 12. Rac1 Re8 13. Rfd1 Nb6 14. Ne5 Nbd5 15. a3 Nd7 16. Nxd5 exd5 17. Nd3 Nf6 18. Nc5 Re7 19. h3 Bf5 20. Bc2 Bxc2 21. Rxc2 Ne4 22. b4 Nd6 23. a4 a6 24. Re2 Rae8 25. Rc1 h6 26. Nxa6 bxa6 27. Rxc6 Nc4 28. Rxa6 Re6 29. Ra7 R6e7 30. Rxe7 Rxe7 31. Ra2 Rb7 32. b5 Ra7 33. Kf1 Ra5 34. Ke2 Kf8 35. f3 Nb6 36. e4 Rxa4 37. Rxa4 Nxa4 38. Kd2 Ke7 39. Kc2 f6 40. Kb3 Nb6 41. Kb4 Kd6 42. Ka5 Kc7 43. Ka6 Nc8 44. g4 g5 45. exd5 Kd6 46. Kb7 Ne7 47. Ka7 Kxd5 48. b6 Nc8+ 49. Kb7 Nxb6 50. Kxb6 Kxd4 51. Kc6 Ke3 52. Kd6 Kxf3 53. Ke6 Kg3 54. Kxf6 Kxh3 55. Kg6 Kxg4 56. Kxh6 Kh4 0-1

[Event "Thüringenliga 2025/26"]
[Site "?"]
[Date "2026.04.26"]
[Round "9.2"]
[White "Wehner, Janis"]
[Black "Eichenauer, Pascal"]
[Result "1/2-1/2"]
[WhiteElo "2092"]
[BlackElo "2071"]
[WhiteFideId "-1"]
[BlackFideId "-1"]
[PlyCount "57"]
[GameId "2306054748684485"]
[EventDate "2025.09.14"]
[EventType "team-tourn"]
[EventRounds "9"]
[SourceTitle "Thueringer Schachbund"]
[Source "ThSB"]
[SourceDate "2025.09.14"]
[SourceVersion "1"]
[SourceVersionDate "2025.09.14"]
[SourceQuality "1"]
[WhiteTeam "SV Medizin Erfurt"]
[BlackTeam "Ilmenauer SV"]

1. e4 e5 2. Nf3 Nc6 3. Bb5 a6 4. Ba4 Nf6 5. O-O Be7 6. Re1 b5 7. Bb3 O-O 8. a4 b4 9. d4 Nxd4 10. Nxd4 exd4 11. Qxd4 Bb7 12. Bg5 c5 13. Qd3 Ng4 14. Bxe7 Qxe7 15. Nd2 Ne5 16. Qg3 d6 17. Nc4 Nxc4 18. Bxc4 Qf6 19. e5 dxe5 20. Rxe5 Rad8 21. Rae1 h6 22. b3 Rd4 23. Rxc5 Be4 24. c3 bxc3 25. Qxc3 Bxg2 26. Kxg2 Rg4+ 27. Kf1 Qxc3 28. Bxf7+ Rxf7 29. Rxc3 1/2-1/2

[Event "Thüringenliga 2025/26"]
[Site "?"]
[Date "2026.04.26"]
[Round "9.4"]
[White "Müller-Ludwig, Kristin"]
[Black "Geißhirt, Marco"]
[Result "1/2-1/2"]
[WhiteElo "1965"]
[BlackElo "2001"]
[WhiteFideId "-1"]
[BlackFideId "-1"]
[PlyCount "149"]
[GameId "2306054748762311"]
[EventDate "2025.09.14"]
[EventType "team-tourn"]
[EventRounds "9"]
[SourceTitle "Thueringer Schachbund"]
[Source "ThSB"]
[SourceDate "2025.09.14"]
[SourceVersion "1"]
[SourceVersionDate "2025.09.14"]
[SourceQuality "1"]
[WhiteTeam "SV Medizin Erfurt"]
[BlackTeam "Ilmenauer SV"]

1. e4 e5 2. Nf3 Nc6 3. Bb5 Nf6 4. O-O Nxe4 5. Re1 Nd6 6. Nxe5 Nxe5 7. Rxe5+ Be7 8. Bf1 O-O 9. d4 Bf6 10. Re1 Nf5 11. c3 d5 12. Bf4 b6 13. Nd2 c5 14. Nf3 Be6 15. Ne5 Bg5 16. Qd2 Bxf4 17. Qxf4 Rc8 18. Rad1 g6 19. dxc5 bxc5 20. Ng4 h5 21. Ne5 Qf6 22. Bd3 Rfd8 23. Ba6 Ra8 24. h3 Kg7 25. Qa4 Rab8 26. Qa3 Rb6 27. Bd3 d4 28. cxd4 cxd4 29. b3 a6 30. Qc5 Rbd6 31. Qa7 Nh4 32. Bc4 Bxc4 33. Nxc4 R6d7 34. Qc5 d3 35. Qe5 Nf5 36. Rd2 Qxe5 37. Nxe5 Re7 38. Nf3 Rc7 39. Red1 Rc2 40. Ne1 Rxd2 41. Rxd2 Rc8 42. Nxd3 a5 43. Kf1 Kf6 44. Nb2 Rc3 45. Ke2 g5 46. Kd1 Rc5 47. Rd3 g4 48. Kd2 Nh4 49. hxg4 hxg4 50. Rd4 Kg5 51. Nd3 Rf5 52. Rc4 Nxg2 53. Rc5 Rxc5 54. Nxc5 Nf4 55. Nb7 Nd5 56. Nxa5 Kf4 57. Nc4 f6 58. a4 Kf3 59. Ke1 Nb4 60. Nd2+ Kg2 61. Ke2 f5 62. a5 f4 63. Ne4 Na6 64. Nf6 f3+ 65. Ke3 g3 66. Ne4 gxf2 67. Nxf2 Nb4 68. Ne4 Na6 69. Kd4 Kf1 70. Nd2+ Ke2 71. Nxf3 Kxf3 72. Kc4 Ke4 73. b4 Ke5 74. b5 Kd6 75. bxa6 1/2-1/2

[Event "Thüringenliga 2025/26"]
[Site "?"]
[Date "2026.04.26"]
[Round "9.6"]
[White "Jakob, Matthias"]
[Black "Ortlepp, Steffen"]
[Result "1/2-1/2"]
[WhiteElo "1959"]
[BlackElo "1813"]
[WhiteFideId "-1"]
[BlackFideId "-1"]
[PlyCount "20"]
[GameId "2306054748836041"]
[EventDate "2025.09.14"]
[EventType "team-tourn"]
[EventRounds "9"]
[SourceTitle "Thueringer Schachbund"]
[Source "ThSB"]
[SourceDate "2025.09.14"]
[SourceVersion "1"]
[SourceVersionDate "2025.09.14"]
[SourceQuality "1"]
[WhiteTeam "SV Medizin Erfurt"]
[BlackTeam "Ilmenauer SV"]

1. d4 Nf6 2. Nc3 d5 3. Bf4 g6 4. e3 Bg7 5. Nf3 O-O 6. Ne5 c5 7. h4 cxd4 8. exd4 Qb6 9. Na4 Qa5+ 10. c3 Nbd7 1/2-1/2

[Event "Thüringenliga 2025/26"]
[Site "?"]
[Date "2026.04.26"]
[Round "9.7"]
[White "Richter, Frank"]
[Black "Fischer, Kay"]
[Result "0-1"]
[WhiteElo "1627"]
[BlackElo "1865"]
[WhiteFideId "-1"]
[BlackFideId "-1"]
[PlyCount "102"]
[GameId "2306054748877002"]
[EventDate "2025.09.14"]
[EventType "team-tourn"]
[EventRounds "9"]
[SourceTitle "Thueringer Schachbund"]
[Source "ThSB"]
[SourceDate "2025.09.14"]
[SourceVersion "1"]
[SourceVersionDate "2025.09.14"]
[SourceQuality "1"]
[WhiteTeam "Ilmenauer SV"]
[BlackTeam "SV Medizin Erfurt"]

{[%evp 0,68,21,-20,-27,-30,-8,-7,-8,-10,3,3,0,4,-21,-16,-22,-45,-4,-12,-23,-21,2,-12,-17,-32,0,-14,34,3,-5,-89,-96,-96,-96,-99,-95,-107,-109,-127,-148,-161,-160,-192,-223,-238,-190,-258,-246,-246,-290,-290,-287,-265,-238,-217,-213,-292,-292,-292,-273,-277,-276,-342,-328,-328,-332,-362,-370,-409,-399]} 1. f4 d5 2. Nf3 c5 3. e3 Nc6 4. Be2 e6 5. O-O Nf6 6. d3 Be7 7. Nc3 O-O 8. e4 a6 9. e5 Nd7 10. a4 f6 11. exf6 Bxf6 12. Qe1 Nd4 13. Bd1 Nxf3+ 14. Bxf3 Nb8 15. f5 Bd4+ 16. Kh1 Rxf5 17. g4 Rf8 18. Ne2 Nc6 19. c3 Be5 20. Qf2 Bd6 21. Be3 Ne5 22. Qg2 Bd7 23. Kg1 Qc7 24. d4 Nxf3+ 25. Rxf3 Rxf3 26. Qxf3 Rf8 27. Qg2 c4 28. Rf1 Bxh2+ 29. Kh1 Bd6 30. Rxf8+ Bxf8 31. Qf3 Qb6 32. Bc1 Bxa4 33. Nf4 Bc2 34. Kg1 Be4 35. Qh3 Qd6 36. g5 Bf5 37. Qe3 Be7 38. Qg3 Qd8 39. Ng2 Qd6 40. Bf4 Qb6 41. Qf2 Qb3 42. Ne3 Be4 43. Kh2 Qb6 44. Ng4 Qd8 45. Ne5 Qf8 46. Qh4 Bd6 47. Kg3 b5 48. Qg4 Bf5 49. Qh5 a5 50. Nc6 Bxf4+ 51. Kxf4 Bg6+ 0-1